Loading...
| Literature - American Literature | 0 | 6 | 0 | 1 | 60 | 22 | 41.00 | 5 | 6 | 
| Social Science | 0 | 6 | 1 | 2 | 55 | 64 | 98.00 | 0 | 3 | 
| Literature - European Literature | 0 | 6 | 1 | 0 | 55 | 37 | 71.83 | 1 | 4 | 
| Mythology | 0 | 6 | 1 | 2 | 55 | 39 | 80.50 | 1 | 2 | 
| History - World History | 0 | 6 | 2 | 0 | 50 | 59 | 79.17 | 2 | 5 | 
| History - American History | 0 | 5 | 0 | 2 | 50 | 60 | 81.20 | 0 | 1 | 
| Fine Arts - Other Fine Arts | 0 | 4 | 0 | 0 | 40 | 31 | 52.25 | 2 | 3 | 
| Religion | 0 | 4 | 0 | 1 | 40 | 56 | 89.75 | 2 | 3 | 
| Philosophy | 0 | 4 | 1 | 0 | 35 | 43 | 69.25 | 1 | 4 | 
| Fine Arts - Painting and Sculpture | 0 | 3 | 0 | 0 | 30 | 71 | 86.33 | 0 | 1 | 
| Literature - British Literature | 0 | 3 | 0 | 0 | 30 | 61 | 77.00 | 2 | 3 | 
| History - European History | 0 | 3 | 2 | 0 | 20 | 59 | 81.00 | 1 | 2 | 
| Literature - World Literature | 0 | 3 | 2 | 1 | 20 | 72 | 78.67 | 0 | 3 | 
| Science - Other Science | 0 | 2 | 0 | 2 | 20 | 100 | 117.00 | 0 | 0 | 
| Current Events | 0 | 1 | 0 | 0 | 10 | 112 | 112.00 | 0 | 0 | 
| Fine Arts - Classical Music | 0 | 1 | 0 | 1 | 10 | 131 | 131.00 | 0 | 0 | 
| Science - Physics | 0 | 1 | 0 | 1 | 10 | 130 | 130.00 | 0 | 0 | 
| Geography | 0 | 1 | 0 | 0 | 10 | 94 | 94.00 | 0 | 0 | 
| Other Academic | 0 | 1 | 0 | 0 | 10 | 105 | 105.00 | 0 | 0 | 
| Science - Biology | 0 | 1 | 0 | 0 | 10 | 94 | 94.00 | 0 | 1 | 
| Pop Culture | 0 | 1 | 1 | 0 | 5 | 57 | 57.00 | 0 | 1 | 
| Science - Chemistry | 0 | 0 | 1 | 0 | -5 | 0.00 | 0 | 0 | |
| History - Other History | 0 | 0 | 2 | 0 | -10 | 0.00 | 0 | 0 |